000 00619cam a22002051a 4500
001 f 01001181
003 DLC
005 20260227111239.0
008 811027m18681870fr 000 0 fre
010 _af 01001181
035 _a(OCoLC)7883625
040 _aDLC
_cKU
_dKU
_dDLC
050 0 0 _aHJ1087
_b.C23
100 1 _aCalmon, Marc Antoine,
_d1815-1890.
245 1 0 _aHistoire parlementaire des finances de la Restauration /
_cpar A. Calmon.
260 _aParis :
_bM. Lévy,
_c1868-1870.
300 _a2 v. ;
_c22 cm.
650 0 _aFinance
_zFrance
_xHistory.
651 0 _aFrance
_xPolitics and government
_y1814-1830.
999 _c22542
_d22542